| 000 | 01174nas a2200373 4500 | ||
|---|---|---|---|
| 001 | BR2013003462 | ||
| 003 | BR-BrBNA | ||
| 005 | 20231205122258.0 | ||
| 007 | ta | ||
| 008 | 230509b bl.|||p| |||| 00| 00por d | ||
| 040 |
_aBR-BrBNA _bpor _cBiblioteca Nacional de Agricultura |
||
| 041 | _a(Pt) | ||
| 072 | _aL70 | ||
| 100 | 1 | _aNepomuceno, A.C. | |
| 100 | 1 | _aCanola, J.C. | |
| 100 | 1 | _aLeite, C.A.L. | |
| 100 | 1 | _aMesquita, L.R. | |
| 100 | 1 | _aSilveira, T. | |
| 100 | 1 | _aSilva, F.D.F. | |
| 100 | 1 | _aMeirelles, A.E.W.B. | |
| 100 | 1 | _a | |
| 100 | 1 | _a | |
| 245 | 1 | _aRadiografia intraoral e convencional da hemiarcada superior direita de gatos domésticos | |
| 246 | 1 | _aIntraoral and convencional radiography of the right maxilla hemiarcade of domestic cats | |
| 650 | _aGATO | ||
| 650 | _aRADIOGRAFIA | ||
| 650 | _aBOCA | ||
| 650 | _aDENTE | ||
| 650 | _aVETERINÁRIA | ||
| 773 | 0 |
_tArquivo Brasileiro de Medicina Veterinária e Zootecnia (Brazil) _xISSN 0102-0935 _g(Feb 2013), v. 65(1) p. 171-180 _wBR2013003462 |
|
| 856 | 4 | 0 | _uhttp://www.scielo.br/pdf/abmvz/v65n1/a26v65n1.pdf |
| 909 |
_a202311 _bLúcia _c55 _dLúcia Elande |
||
| 942 |
_2AGRIS _n0 _cANA |
||
| 999 |
_c227842 _d227842 |
||